Statistics for One football club by European countries - Map Quiz

Click here to take the quiz!

General Stats

  • This quiz has been taken 182 times
  • The average score is 22 of 42

Answers on the Map

Answers color-coded by a green-red scale on the quiz's map according to % correct below.
 

Answer Stats

Answer% Correct
Aston Villa
87%
Paris - SG
81%
Benfica
80%
Borussia Monchengladbach
76%
Villareal
76%
Anderlecht
75%
Fiorentina
72%
Panathinaikos
66%
Vikingur Reykjavik
65%
FC Midtjylland
64%
Malmö FF
64%
AZ Alkmaar
62%
Dinamo Zagreb
62%
Shakhtar Donetsk
61%
Partizan Belgrade
59%
Levadia Talinn
58%
Shamrock Rovers
57%
Zalgiris Vilnius
57%
KF Tirana
56%
Slovan Bratislava
55%
Viktoria Plzen
55%
Lech Poznan
53%
Bodo Glimt
52%
Sturm Graz
52%
Krasnodar
51%
Ferencvaros TC
46%
HJK
46%
Sheriff Tiraspol
46%
FC Servette
43%
Bate Borisov
41%
F 91 Dudelange
41%
Ludogorets Razgrad
39%
NK Maribor
34%
HSK Zrinjski Mostar
33%
Inter Club d'Escaldes
33%
Univ Craiova
33%
SP la Fiorita
30%
KF Balkani
26%
Sutjeska Niksic
25%
KF Shkupi
21%
FK RFS
20%
Hibernians FC
17%

Score Distribution

Percentile by Number Answered

Percent of People with Each Score

Your Score History

You have not taken this quiz